000 01046nam a2200265 a 4500
001 BRL_1603
005 20190320211302.0
008 040116s1994----u--ao#####---#000-0#eng-#
020 _a0930741412
041 _aeng
044 _au
050 4 _aNK8555.5.M64
_b.M37 1994
100 1 _aMasuoka, Susan N.
_d1949-
_q(Susan Naomi)
_927412
245 1 0 _aEn calavera
_bthe papier-mâché art of the linares family
_cSusan N. Masuoka.
260 _aLos Angeles, California
_bFowler Museum of Cultural History
_c1994
300 _axvii, 157 p.
_bil., fotografías ( a color)
_c25 cm.
500 _aAu881
500 _aCatálogo de la exposición celebrada en el Museo Fowler de Historia Cultural , Los Ángeles, noviembre 1994 - noviembre 1995
504 _aBibliografía: p. 154 - 157
600 1 4 _aFamilia Linares
_vExposiciones
_927413
650 1 4 _aPapel maché
_vExposiciones
_xHistoria
_ySiglo XX
_zMéxico
_927414
710 2 _aUniversity of California, Los Angeles
_bFowler Museum of Cultural History
_927415
902 _aGRL
942 _2lcc
_cB
999 _c10412
_d10412